000 01404nam a2200265Ia 4500
999 _c54632
_d54632
001 21699
003 GE_BSU
005 20250729155959.0
008 181216s2017||||ge |||||||||||||| ||geo||
020 _a9789941249327
040 _cGE_BSU
041 _ageo
080 _a27-36 თ-54
245 _a Ⴇვენი. [ტ.] 32, 11 ნოემბერი - 20 ნოემბერი (ახალი სტილით 24 ნოემბერი - 3 დეკემბერი) /
_cპროექტის ავტორი და რედაქტორი თამარ მამაცაშვილი ; შემდგენელი კახაბერ კენკიშვილი ; დიზაინერი რატი თორდია.
264 _aთბილისი :
_bპალიტრა L,
_c2017.
300 _a352 გვ. ;
_c22 სმ.
490 _aჟურნალ ”კარიბჭის” ბიბლიოთეკა
541 _h6 ლ.
653 _aთვენი. 11 ნოემბერი -20 ნოემბერი. 32
653 _aრელიგია
653 _aგარეკანზე: წმინდა იოანე ოქროპირი
653 _aწმინდა მამათა ცხოვრება
653 _aწმინდანთა ცხოვრება
942 _cBK
_2udc